| 000 | 01347cam a2200409 a 4500 | ||
|---|---|---|---|
| 003 | data | ||
| 005 | 20260322212053.0 | ||
| 008 | data | ||
| 010 | _a2008531041 | ||
| 015 |
_aGBA884540 _2bnb |
||
| 020 | _a9780071590730 | ||
| 020 | _a0071590730 | ||
| 040 |
_aNLM _cNLM _dDLC _dBAKER _dOCP _dBWX _dYDXCP _dUKM _dDLC |
||
| 042 | _anlmcopyc | ||
| 043 | _an-us--- | ||
| 050 | 0 | 0 |
_aRA982 .M6 _bB36 2008 |
| 060 | 1 | 0 |
_aWX 28 AM6 _bB534m 2008 |
| 082 | 0 | 0 |
_a362.11068 _222 |
| 082 | 0 | 4 |
_a658.913621 _bM473Zb, 2008 |
| 100 | 1 |
_aBerry, Leonard L., _d1942- |
|
| 245 | 1 | 0 |
_aManagement lessons from Mayo Clinic : _binside one of the world's most admired service organizations / _cLeonard L. Berry & Kent D. Seltman. |
| 260 |
_aNew York : _bMcGraw-Hill, _cc2008. |
||
| 300 |
_axv, 276 p. : _bill., ports. ; _c24 cm. |
||
| 504 | _aIncludes bibliographical references and index. | ||
| 610 | 2 | 0 |
_aMayo Clinic _xHistory. |
| 610 | 2 | 2 | _aMayo Clinic. |
| 650 | 0 |
_aHospitals _xAdministration. _zUnited States |
|
| 650 | 0 | _aManagement. | |
| 650 | 0 | _aSuccess in business. | |
| 650 | 2 |
_aHospitals, General _xhistory _zMinnesota. |
|
| 650 | 2 |
_aHistory, 20th Century _zMinnesota. |
|
| 650 | 2 |
_aHistory, 21st Century _zMinnesota. |
|
| 650 | 2 |
_aHospital Administration _xhistory _zMinnesota. |
|
| 650 | 2 |
_aLeadership _zMinnesota. |
|
| 700 | 1 | _aSeltman, Kent D. | |
| 001 | data | ||
| 999 |
_c1271 _d1271 |
||